000 00548nam a2200181 i 4500
001 127952
003 ES-MaACL
005 20230906193128.0
007 t|
008 070214s1965 sp |||| | spa d
100 1 _aRíos, Laura de los.
_997371
245 1 4 _aLos cuentos de Clarín
_b: proyección de una vida /
_cLaura de los Ríos.
260 _aMadrid :
_bRevista de Occidente,
_c1965.
300 _a327 p. ;
_c22 cm.
600 1 4 _aAlas, Leopoldo,
_d1852-1901-
_xCuento
_919155
852 _aES-MaACL
_jG-5054
999 _c127952
_d127952